Представление документа в формате RUSMARC

ПолеНазваниеЗначение
  Тип записи a
  Библиографический уровень a
001 Контрольный номер RU/УОНБ/EK_Kray/423750398
005 Дата корректировки 20240131005052.4
100 Данные общей обработки __
a Данные общей обработки 20130605d2013 ||| 0rusy0189 ca
101 Язык документа 0_
a Язык текста rus
102 Страна публикации __
a Страна публикации RU
105 Кодированные данные (монография) __
a Кодированные данные (монография) y###||||000|y
200 Заглавие и сведения об ответственности 1_
a Заглавие Возвращение на землю
e Сведения, относящиеся к заглавию беседа с начальником Ульяновской таможни В. Герасевым
f Первые сведения об ответственности Валерий Герасев
g Последующие сведения об ответственности записала Татьяна Задорожняя
215 Физическое описание __
c Иллюстрации/тип воспроизводства 1 портр., 2 фот.
225 Серия 1_
a Серия Гость номера
461 Уровень набора _0
1 2000
a Деловое обозрение
1 011
463 Уровень физической единицы _0
1 001RU/УОНБ/EK_Kray/423226511
1 2000
a № 3
v Прил. : с. 26-29. - (Ульяновский бизнес).
1 210
d 2013
600 Персоналии _1
a Персоналии (Фамилия) Герасев, Валерий Николаевич
601 Наименование организации как предмет 02
a Наименование организации как предмет Ульяновская таможня
610 Ключевые слова 0_
a Ключевые слова таможня
610 Ключевые слова 0_
a Ключевые слова начальник таможни
686 Индексы других классификаций __
a Классификационный индекс 67.611.631Т
2 Код системы rubbk
700 Автор _1
a Фамилия Герасев
b Имя (инициалы) В.
g Полное личное имя Валерий
4 Код отношения 460
702 Вторичная интеллектуальная ответственность _1
a Фамилия Задорожняя
b Имя (инициалы) Т.
g Полное личное имя Татьяна
4 Код отношения 470
801 Источник записи _0
a Страна RU
b Организация Ульяновская ОНБ
c Дата составления 20130605
g Правила каталогизации RCR
801 Источник записи _1
a Страна RU
b Организация Ульяновская ОНБ
c Дата составления 20130605
g Правила каталогизации RCR
901 Тип документа __
t Тип документа b
w Контрольный № источника RU/УОНБ/EK_Kray/423226511
909 Создатель записи __
a Создатель записи Бороденкова
938 Служебная информация __
a Имя БД kraeved_work
b Имя библиотеки УОНБ
c Имя АИБС МАРК-SQL
d Номер DOC_ID в БД 95810